000 00895nas a2200301 4500
001 BR0602389
003 BR-BrBNA
005 20231205110032.0
007 ta
008 230509b bl.|||p| |||| 00| 00por d
040 _aBR-BrBNA
_bpor
_cBiblioteca Nacional de Agricultura
041 _a(Pt)
072 _aL73; L70
100 1 _aSoares, E.C.
100 1 _aLarsson, M.H.M.A.
100 1 _aDaniel, A.G.T.
100 1 _aFantazzini, M.M.
100 1 _aYamaki, F.L.
100 1 _aPereira, R.C. e
245 1 _aIndices ecodopplercardiográficos de função diastólica de gatos saudáveis não sedados
650 _aGATO
650 _aCARDIOPATIA
650 _aPRESSÃO ARTERIAL
650 _aVETERINÁRIA
773 0 _tCiência Rural (Brazil)
_xISSN 0103-8478
_g(Nov-Dec 2005), v. 35(6) p. 1357-1362
_wBR0602389
909 _a202311
_bLúcia
_c55
_dLúcia Elande
942 _2AGRIS
_n0
_cANA
999 _c185914
_d185914